000 01097nas a2200337 4500
001 BR7903518
003 BR-BrBNA
005 20231205083756.0
007 ta
008 230509b bl.|||p| |||| 00| 00por d
040 _aBR-BrBNA
_bpor
_cBiblioteca Nacional de Agricultura
041 _a(Pt)
072 _aF30; F25
100 1 _aRolim, R.B.
100 1 _aCosta, A.V.
100 1 _aBraga, J.M.
100 1 _aReis, M.S.
100 1 _aSediyama, C.S.
245 1 _aComportamento de suas variedades e tres linhagens de soja, em diferentes niveis de adubacao fosfatada, em solos sob vegetacao de cerrado, de Utuiutaba, MG, e Goiania, GO [Glycine max, Minas Gerais, Goias, Brasil]
_bParte de tese
650 _aSOJA
650 _aCOMPORTAMENTO DE VARIEDADE
650 _aADUBACAO
650 _aLINHAGEM
650 _aFERTILIZANTE FOSFATADO
650 _aCERRADO
650 _aMINAS GERAIS
650 _aGOIAS
773 0 _tRevista Ceres (Brazil)
_xISSN 0034-737X
_g(May 1979), v. 26(145) p. 223-237
_wBR7903518
909 _a202311
_bLúcia
_c55
_dLúcia Elande
942 _2AGRIS
_n0
_cANA
999 _c101109
_d101109